Fußballer anhand von zersplitterten Bildern erkennen #2 - Statistiken

Allgemein
  • Dieses Quiz wurde 228 mal gespielt
  • Das Durchschnittsergebnis liegt bei 10 aus 12
Antwortstatistiken
Bildquiz Antwort % Korrekt
Robert Lewandowski
99%
Joshua Kimmich
95%
Manuel Neuer
94%
Heung Min Son
92%
Erling Haaland
90%
Vinicius junior
90%
Bruno Fernandes
87%
Marcus Thuram
77%
Kai Havertz
75%
Luis Diaz
74%
Giovanni Reyna
72%
Dusan Vlahovic
54%
Keine übereinstimmenden Quizze gefunden
Verteilung der Resultate
Anzahl Personen mit jedem Resultat
Perzentil nach korrekt beantworteten Fragen
Ihre Resultats-Entwicklung
Sie haben dieses Quiz noch nicht gespielt